| 000 | 01496cam a2200169 4500500 | ||
|---|---|---|---|
| 005 | 20260111091718.0 | ||
| 041 | _afre | ||
| 042 | _adc | ||
| 100 | 1 | 0 |
_aHeller, Karin _eauthor |
| 245 | 0 | 0 | _aBrague R., Du Dieu des chrétiens. Et d’un ou deux autres, Paris, Flammarion, 2008, 22x14, 255 p., 19 €. ISBN 978-2-0812-1319-7 |
| 260 | _c2009. | ||
| 500 | _a42 | ||
| 520 | _aLa formation sacerdotale doit non seulement promouvoir chez le candidat une familiarité avec la Bible, mais aussi lui apprendre à discerner la Parole de Dieu dans les Écritures, par une méthode analogue à celle des Exercices spirituels de saint Ignace (I). Par ailleurs, pareil discernement suppose l’engagement de la foi et le déploiement de la raison, capable de reconnaître la Parole de Dieu (II). Enfin, l’A. voit dans la doctrine des quatre sens la méthode rationnelle pour y parvenir. | ||
| 520 | _aThe priestly formation must aim at promoting in the candidate a familiarity with the Bible. It must also teach him to discern God’s Word in the Scriptures through a method akin to the ignatian method found in the Spiritual Exercises. Such a discernment which leads to recognise God’s Word relies both on faith and on reason... and usefully resorts to the four senses of Scripture. | ||
| 786 | 0 | _nNouvelle revue théologique | 131 | 1 | 2009-01-02 | p. 134b-146b | 0029-4845 | |
| 856 | 4 | 1 | _uhttps://shs.cairn.info/revue-nouvelle-revue-theologique-2009-1-page-134b?lang=fr&redirect-ssocas=7080 |
| 999 |
_c1621857 _d1621857 |
||